000 00816nam a2200265Ia 4500
003 OSt
005 20220925213612.0
006 a|||||r|||| 00| 0
007 ta
008 220923b |||||||| |||| 00| 0 eng d
020 _a0521201217
037 _cGeneral Book
040 _aRTL
_cRTL
_beng
041 _2eng
_aeng
082 _aU672(J).3.N7, L3
100 _aBaker Alan R H Ed.
_993558
245 0 _aStudies of field systems in the British Isles
260 _aLondon
_bCambridge University Press UK
_c1973
300 _axxvi,702p.
_ccm.
500 _aBibliography p. 657-79; Index681-02
650 _aAgricultural Geography
700 _a Butlin Robin A Ed.
_9278691
942 _hU672(J).3.N7, L3
_cGB
_2CC
999 _c563299
_d563299